[Event "Deutsche Ländermeisterschaft 2025"]
[Site "Oer-Erkenschwick GER"]
[Date "2025.10.01"]
[Round "2"]
[White "Shevchenko, Igor"]
[Black "Ranganathan, Aadith"]
[Result "1/2-1/2"]
[Termination "normal"]
[Board "2.6"]
[WhiteElo "1985"]
[BlackElo "1923"]
[WhiteClock "00:01:34"]
[BlackClock "00:47:45"]
[WhiteTeam "Sachsen-Anhalt"]
[BlackTeam "Bayern"]
[PlyCount "144"]
[WhiteFideId "34634924"]
[BlackFideId "34667121"]
[EventCountry "GER"]
[EventRounds "7"]
[EventType "team-swiss"]
[EventDate "2025.09.30"]

1. d4 {[%clk 01:30:49]} {[%emt 00:00:10]} Nf6 {[%clk 01:30:52]} {[%emt
00:00:09]} 2. c4 {[%clk 01:30:36]} {[%emt 00:00:42]} e6 {[%clk 01:31:15]}
{[%emt 00:00:08]} 3. Nc3 {[%clk 01:30:13]} {[%emt 00:00:53]} Bb4 {[%clk
01:31:36]} {[%emt 00:00:09]} 4. e3 {[%clk 01:30:32]} {[%emt 00:00:11]} O-O
{[%clk 01:31:45]} {[%emt 00:00:21]} 5. Bd3 {[%clk 01:30:34]} {[%emt 00:00:27]}
d5 {[%clk 01:31:49]} {[%emt 00:00:26]} 6. Nf3 {[%clk 01:30:49]} {[%emt
00:00:14]} dxc4 {[%clk 01:32:04]} {[%emt 00:00:16]} 7. Bxc4 {[%clk 01:31:03]}
{[%emt 00:00:16]} b6 {[%clk 01:32:04]} {[%emt 00:00:31]} 8. O-O {[%clk
01:31:00]} {[%emt 00:00:27]} Bb7 {[%clk 01:32:23]} {[%emt 00:00:15]} 9. a3
{[%clk 01:29:48]} {[%emt 00:01:42]} Bxc3 {[%clk 01:32:07]} {[%emt 00:00:46]}
10. bxc3 {[%clk 01:30:09]} {[%emt 00:00:09]} Nbd7 {[%clk 01:32:22]} {[%emt
00:00:16]} 11. Re1 {[%clk 01:27:44]} {[%emt 00:02:54]} Re8 {[%clk 01:30:29]}
{[%emt 00:02:22]} 12. Bb2 {[%clk 01:20:39]} {[%emt 00:07:35]} Ne4 {[%clk
01:25:31]} {[%emt 00:05:29]} 13. Bd3 {[%clk 01:14:12]} {[%emt 00:06:56]} Ndf6
{[%clk 01:18:54]} {[%emt 00:07:08]} 14. Qc2 {[%clk 01:10:17]} {[%emt 00:04:24]}
Qd5 {[%clk 01:12:55]} {[%emt 00:06:29]} 15. c4 {[%clk 01:07:03]} {[%emt
00:03:45]} Qh5 {[%clk 01:12:02]} {[%emt 00:01:22]} 16. Ne5 {[%clk 01:01:23]}
{[%emt 00:06:10]} Rad8 {[%clk 00:53:08]} {[%emt 00:19:24]} 17. f3 {[%clk
00:58:51]} {[%emt 00:03:02]} Nd6 {[%clk 00:52:44]} {[%emt 00:00:53]} 18. c5
{[%clk 00:52:27]} {[%emt 00:06:54]} bxc5 {[%clk 00:51:43]} {[%emt 00:01:31]}
19. dxc5 {[%clk 00:45:42]} {[%emt 00:07:14]} Nc8 {[%clk 00:51:51]} {[%emt
00:00:22]} 20. c6 {[%clk 00:43:37]} {[%emt 00:02:36]} Ba8 {[%clk 00:52:13]}
{[%emt 00:00:07]} 21. Bd4 {[%clk 00:42:08]} {[%emt 00:01:59]} Ne7 {[%clk
00:51:17]} {[%emt 00:01:27]} 22. Qa4 {[%clk 00:40:19]} {[%emt 00:02:18]} Nxc6
{[%clk 00:38:13]} {[%emt 00:13:34]} 23. Nxc6 {[%clk 00:33:16]} {[%emt
00:07:34]} Bxc6 {[%clk 00:38:36]} {[%emt 00:00:07]} 24. Qxc6 {[%clk 00:33:38]}
{[%emt 00:00:08]} e5 {[%clk 00:39:01]} {[%emt 00:00:04]} 25. Qxc7 {[%clk
00:33:26]} {[%emt 00:00:42]} exd4 {[%clk 00:39:20]} {[%emt 00:00:11]} 26. Qxa7
{[%clk 00:33:03]} {[%emt 00:00:52]} Rd7 {[%clk 00:37:19]} {[%emt 00:02:31]} 27.
Qb6 {[%clk 00:29:58]} {[%emt 00:03:35]} Re6 {[%clk 00:37:38]} {[%emt 00:00:11]}
28. Qb8+ {[%clk 00:30:25]} {[%emt 00:00:04]} Re8 {[%clk 00:38:00]} {[%emt
00:00:08]} 29. Qb5 {[%clk 00:27:33]} {[%emt 00:03:22]} Rd5 {[%clk 00:37:04]}
{[%emt 00:01:27]} 30. Qb6 {[%clk 00:25:45]} {[%emt 00:02:18]} dxe3 {[%clk
00:26:14]} {[%emt 00:11:20]} 31. Rxe3 {[%clk 00:25:33]} {[%emt 00:00:42]} Red8
{[%clk 00:26:29]} {[%emt 00:00:15]} 32. Rae1 {[%clk 00:24:05]} {[%emt
00:01:58]} h6 {[%clk 00:21:38]} {[%emt 00:05:21]} 33. Qb3 {[%clk 00:15:57]}
{[%emt 00:08:37]} Qh4 {[%clk 00:15:51]} {[%emt 00:06:10]} 34. g3 {[%clk
00:11:33]} {[%emt 00:05:02]} Qd4 {[%clk 00:15:26]} {[%emt 00:00:54]} 35. Qc4
{[%clk 00:10:38]} {[%emt 00:01:25]} Qxc4 {[%clk 00:15:37]} {[%emt 00:00:21]}
36. Bxc4 {[%clk 00:11:04]} {[%emt 00:00:03]} Rc5 {[%clk 00:15:43]} {[%emt
00:00:23]} 37. Bb3 {[%clk 00:10:48]} {[%emt 00:00:47]} Kf8 {[%clk 00:15:22]}
{[%emt 00:00:52]} 38. R1e2 {[%clk 00:06:08]} {[%emt 00:05:10]} Re8 {[%clk
00:14:52]} {[%emt 00:01:00]} 39. Kf2 {[%clk 00:05:24]} {[%emt 00:01:14]} Rxe3
{[%clk 00:14:35]} {[%emt 00:00:47]} 40. Rxe3 {[%clk 00:05:48]} {[%emt
00:00:06]} Rc1 {[%clk 00:14:37]} {[%emt 00:00:28]} 41. Re2 {[%clk 00:04:27]}
{[%emt 00:01:50]} Rc3 {[%clk 00:14:54]} {[%emt 00:00:14]} 42. Re3 {[%clk
00:03:16]} {[%emt 00:01:41]} Rc1 {[%clk 00:15:04]} {[%emt 00:00:20]} 43. Ke2
{[%clk 00:01:22]} {[%emt 00:02:24]} Nd7 {[%clk 00:14:03]} {[%emt 00:01:30]} 44.
Ba4 {[%clk 00:30:20]} {[%emt 00:01:33]} Nf6 {[%clk 00:43:49]} {[%emt 00:00:44]}
45. Kf2 {[%clk 00:11:01]} {[%emt 00:19:49]} g6 {[%clk 00:43:54]} {[%emt
00:00:25]} 46. Rd3 {[%clk 00:10:40]} {[%emt 00:00:51]} Ra1 {[%clk 00:43:46]}
{[%emt 00:00:38]} 47. Bb5 {[%clk 00:10:32]} {[%emt 00:00:37]} Ra2+ {[%clk
00:44:02]} {[%emt 00:00:14]} 48. Kg1 {[%clk 00:10:53]} {[%emt 00:00:11]} Ra1+
{[%clk 00:44:13]} {[%emt 00:00:18]} 49. Kg2 {[%clk 00:11:17]} {[%emt 00:00:06]}
Ra2+ {[%clk 00:44:35]} {[%emt 00:00:08]} 50. Kh3 {[%clk 00:11:34]} {[%emt
00:00:14]} Kg7 {[%clk 00:44:59]} {[%emt 00:00:06]} 51. a4 {[%clk 00:11:37]}
{[%emt 00:00:28]} g5 {[%clk 00:45:19]} {[%emt 00:00:09]} 52. Re3 {[%clk
00:08:58]} {[%emt 00:03:08]} Ra1 {[%clk 00:43:46]} {[%emt 00:02:03]} 53. Kg2
{[%clk 00:05:58]} {[%emt 00:03:31]} Nd5 {[%clk 00:43:54]} {[%emt 00:00:21]} 54.
Rd3 {[%clk 00:03:35]} {[%emt 00:02:52]} Nb6 {[%clk 00:43:38]} {[%emt 00:00:47]}
55. Rd4 {[%clk 00:03:48]} {[%emt 00:00:18]} Ra2+ {[%clk 00:44:01]} {[%emt
00:00:07]} 56. Kg1 {[%clk 00:04:03]} {[%emt 00:00:15]} Ra1+ {[%clk 00:44:24]}
{[%emt 00:00:07]} 57. Kf2 {[%clk 00:04:31]} {[%emt 00:00:02]} Ra3 {[%clk
00:44:10]} {[%emt 00:00:43]} 58. Ke2 {[%clk 00:02:32]} {[%emt 00:02:30]} Ra2+
{[%clk 00:43:42]} {[%emt 00:00:58]} 59. Kd3 {[%clk 00:02:40]} {[%emt 00:00:22]}
Rxh2 {[%clk 00:44:06]} {[%emt 00:00:06]} 60. a5 {[%clk 00:02:53]} {[%emt
00:00:17]} Rb2 {[%clk 00:43:56]} {[%emt 00:00:39]} 61. axb6 {[%clk 00:02:34]}
{[%emt 00:00:49]} Rxb5 {[%clk 00:44:17]} {[%emt 00:00:08]} 62. Rd6 {[%clk
00:03:00]} {[%emt 00:00:04]} h5 {[%clk 00:44:39]} {[%emt 00:00:09]} 63. Kc4
{[%clk 00:03:08]} {[%emt 00:00:22]} Rb2 {[%clk 00:44:58]} {[%emt 00:00:10]} 64.
Kc5 {[%clk 00:03:11]} {[%emt 00:00:27]} h4 {[%clk 00:45:23]} {[%emt 00:00:05]}
65. gxh4 {[%clk 00:03:29]} {[%emt 00:00:12]} gxh4 {[%clk 00:45:47]} {[%emt
00:00:06]} 66. Kc6 {[%clk 00:02:19]} {[%emt 00:01:40]} h3 {[%clk 00:46:02]}
{[%emt 00:00:15]} 67. Rd1 {[%clk 00:01:16]} {[%emt 00:01:32]} h2 {[%clk
00:46:06]} {[%emt 00:00:26]} 68. Rc1 {[%clk 00:01:08]} {[%emt 00:00:38]} Kf6
{[%clk 00:46:23]} {[%emt 00:00:13]} 69. b7 {[%clk 00:01:24]} {[%emt 00:00:14]}
Kf5 {[%clk 00:46:43]} {[%emt 00:00:10]} 70. Rh1 {[%clk 00:01:15]} {[%emt
00:00:39]} Rc2+ {[%clk 00:46:56]} {[%emt 00:00:17]} 71. Kd7 {[%clk 00:01:24]}
{[%emt 00:00:20]} Rd2+ {[%clk 00:47:19]} {[%emt 00:00:08]} 72. Kc7 {[%clk
00:01:34]} {[%emt 00:00:20]} Rc2+ {[%clk 00:47:45]} {[%emt 00:00:05]} 1/2-1/2

[Event "Deutsche Ländermeisterschaft 2025"]
[Site "Oer-Erkenschwick GER"]
[Date "2025.10.01"]
[Round "2"]
[White "Prokscha, Charlotte"]
[Black "Rössling, Laura Marie"]
[Result "1/2-1/2"]
[Termination "normal"]
[Board "2.7"]
[WhiteElo "1767"]
[BlackElo "1752"]
[WhiteClock "00:09:16"]
[BlackClock "00:01:16"]
[WhiteTeam "Bayern"]
[BlackTeam "Sachsen-Anhalt"]
[PlyCount "171"]
[WhiteFideId "34614699"]
[BlackFideId "16289471"]
[EventCountry "GER"]
[EventRounds "7"]
[EventType "team-swiss"]
[EventDate "2025.09.30"]

1. c4 {[%clk 01:30:58]} {[%emt 00:00:02]} Nf6 {[%clk 01:29:53]} {[%emt
00:01:07]} 2. Nc3 {[%clk 01:31:10]} {[%emt 00:00:18]} e6 {[%clk 01:29:52]}
{[%emt 00:00:31]} 3. g3 {[%clk 01:31:30]} {[%emt 00:00:09]} Be7 {[%clk
01:29:43]} {[%emt 00:00:39]} 4. Bg2 {[%clk 01:31:53]} {[%emt 00:00:07]} O-O
{[%clk 01:28:54]} {[%emt 00:01:19]} 5. d4 {[%clk 01:29:56]} {[%emt 00:02:27]}
d5 {[%clk 01:28:44]} {[%emt 00:00:40]} 6. Nf3 {[%clk 01:28:45]} {[%emt
00:01:41]} c5 {[%clk 01:23:57]} {[%emt 00:05:18]} 7. cxd5 {[%clk 01:26:48]}
{[%emt 00:02:26]} exd5 {[%clk 01:23:16]} {[%emt 00:01:12]} 8. O-O {[%clk
01:24:45]} {[%emt 00:02:32]} Nc6 {[%clk 01:20:38]} {[%emt 00:03:08]} 9. b3
{[%clk 01:20:04]} {[%emt 00:05:11]} b6 {[%clk 01:14:07]} {[%emt 00:07:01]} 10.
Bb2 {[%clk 01:20:27]} {[%emt 00:00:07]} Bb7 {[%clk 01:11:17]} {[%emt 00:03:21]}
11. e3 {[%clk 01:12:40]} {[%emt 00:08:16]} Rc8 {[%clk 01:03:40]} {[%emt
00:08:02]} 12. Ne5 {[%clk 01:10:35]} {[%emt 00:02:39]} Re8 {[%clk 01:00:26]}
{[%emt 00:03:38]} 13. Rc1 {[%clk 01:00:35]} {[%emt 00:10:37]} Bf8 {[%clk
00:57:40]} {[%emt 00:03:17]} 14. Nxc6 {[%clk 00:57:48]} {[%emt 00:03:17]} Bxc6
{[%clk 00:55:15]} {[%emt 00:02:54]} 15. Ne2 {[%clk 00:55:36]} {[%emt 00:02:42]}
Ne4 {[%clk 00:45:16]} {[%emt 00:10:29]} 16. Nf4 {[%clk 00:50:05]} {[%emt
00:06:00]} Bb5 {[%clk 00:40:23]} {[%emt 00:05:23]} 17. Re1 {[%clk 00:47:14]}
{[%emt 00:03:22]} c4 {[%clk 00:35:58]} {[%emt 00:04:55]} 18. Qh5 {[%clk
00:44:54]} {[%emt 00:02:48]} Bb4 {[%clk 00:33:51]} {[%emt 00:02:39]} 19. Red1
{[%clk 00:42:46]} {[%emt 00:02:37]} c3 {[%clk 00:30:31]} {[%emt 00:03:51]} 20.
Bxe4 {[%clk 00:41:45]} {[%emt 00:01:31]} Rxe4 {[%clk 00:19:11]} {[%emt
00:11:50]} 21. Qxd5 {[%clk 00:39:19]} {[%emt 00:02:56]} Qxd5 {[%clk 00:18:17]}
{[%emt 00:01:24]} 22. Nxd5 {[%clk 00:39:41]} {[%emt 00:00:09]} c2 {[%clk
00:18:04]} {[%emt 00:00:42]} 23. Nxb4 {[%clk 00:39:12]} {[%emt 00:00:59]}
cxd1=Q+ {[%clk 00:18:05]} {[%emt 00:00:30]} 24. Rxd1 {[%clk 00:39:37]} {[%emt
00:00:05]} Ree8 {[%clk 00:16:41]} {[%emt 00:01:50]} 25. a4 {[%clk 00:33:01]}
{[%emt 00:07:09]} Be2 {[%clk 00:15:35]} {[%emt 00:01:36]} 26. Rd2 {[%clk
00:32:54]} {[%emt 00:00:37]} Bf3 {[%clk 00:14:20]} {[%emt 00:01:46]} 27. Nd3
{[%clk 00:30:15]} {[%emt 00:03:08]} Be4 {[%clk 00:13:08]} {[%emt 00:01:43]} 28.
Ne1 {[%clk 00:25:52]} {[%emt 00:04:53]} Bd5 {[%clk 00:11:15]} {[%emt 00:02:23]}
29. Rd3 {[%clk 00:26:01]} {[%emt 00:00:19]} Rc7 {[%clk 00:10:04]} {[%emt
00:01:42]} 30. Kf1 {[%clk 00:26:11]} {[%emt 00:00:21]} f5 {[%clk 00:09:10]}
{[%emt 00:01:25]} 31. Ke2 {[%clk 00:24:11]} {[%emt 00:02:29]} Rec8 {[%clk
00:08:30]} {[%emt 00:01:10]} 32. Kd1 {[%clk 00:22:38]} {[%emt 00:02:00]} Kf7
{[%clk 00:07:50]} {[%emt 00:01:13]} 33. Ke2 {[%clk 00:14:28]} {[%emt 00:08:39]}
g5 {[%clk 00:06:48]} {[%emt 00:01:33]} 34. Kd2 {[%clk 00:08:42]} {[%emt
00:06:16]} h5 {[%clk 00:04:53]} {[%emt 00:02:25]} 35. b4 {[%clk 00:08:50]}
{[%emt 00:00:22]} Be4 {[%clk 00:04:04]} {[%emt 00:01:19]} 36. Rc3 {[%clk
00:09:07]} {[%emt 00:00:12]} Rxc3 {[%clk 00:04:17]} {[%emt 00:00:17]} 37. Bxc3
{[%clk 00:09:31]} {[%emt 00:00:06]} a5 {[%clk 00:03:26]} {[%emt 00:01:21]} 38.
bxa5 {[%clk 00:08:42]} {[%emt 00:01:20]} bxa5 {[%clk 00:03:32]} {[%emt
00:00:24]} 39. Bxa5 {[%clk 00:08:56]} {[%emt 00:00:15]} Ra8 {[%clk 00:03:57]}
{[%emt 00:00:06]} 40. Bc3 {[%clk 00:05:55]} {[%emt 00:03:28]} Rxa4 {[%clk
00:04:06]} {[%emt 00:00:24]} 41. Kc1 {[%clk 00:05:46]} {[%emt 00:00:28]} Ra2
{[%clk 00:03:27]} {[%emt 00:01:17]} 42. Bb2 {[%clk 00:05:52]} {[%emt 00:00:24]}
Ra6 {[%clk 00:02:59]} {[%emt 00:00:56]} 43. f3 {[%clk 00:03:51]} {[%emt
00:02:34]} Bd5 {[%clk 00:02:26]} {[%emt 00:01:03]} 44. Nd3 {[%clk 00:03:39]}
{[%emt 00:00:43]} Ke7 {[%clk 00:29:19]} {[%emt 00:03:35]} 45. Ne5 {[%clk
00:33:44]} {[%emt 00:00:26]} Ra8 {[%clk 00:27:24]} {[%emt 00:02:26]} 46. Kd2
{[%clk 00:31:03]} {[%emt 00:03:09]} Ke6 {[%clk 00:24:16]} {[%emt 00:03:39]} 47.
h3 {[%clk 00:27:33]} {[%emt 00:04:02]} h4 {[%clk 00:19:37]} {[%emt 00:05:09]}
48. gxh4 {[%clk 00:26:35]} {[%emt 00:01:28]} gxh4 {[%clk 00:19:22]} {[%emt
00:00:46]} 49. Ng6 {[%clk 00:26:43]} {[%emt 00:00:20]} Kf6 {[%clk 00:13:46]}
{[%emt 00:06:02]} 50. Nxh4 {[%clk 00:20:10]} {[%emt 00:07:08]} Rh8 {[%clk
00:13:49]} {[%emt 00:00:27]} 51. e4 {[%clk 00:17:53]} {[%emt 00:02:47]} Rxh4
{[%clk 00:12:04]} {[%emt 00:02:15]} 52. exd5 {[%clk 00:18:16]} {[%emt
00:00:07]} Rxh3 {[%clk 00:11:40]} {[%emt 00:00:54]} 53. Ke3 {[%clk 00:17:46]}
{[%emt 00:00:59]} Rh2 {[%clk 00:11:07]} {[%emt 00:01:03]} 54. Ba3 {[%clk
00:17:12]} {[%emt 00:01:04]} Ra2 {[%clk 00:10:23]} {[%emt 00:01:15]} 55. Bc5
{[%clk 00:17:30]} {[%emt 00:00:09]} Rb2 {[%clk 00:08:40]} {[%emt 00:02:14]} 56.
Kf4 {[%clk 00:14:31]} {[%emt 00:03:30]} Rb7 {[%clk 00:07:32]} {[%emt 00:01:39]}
57. Bd6 {[%clk 00:12:43]} {[%emt 00:02:17]} Rd7 {[%clk 00:06:52]} {[%emt
00:01:10]} 58. Be5+ {[%clk 00:13:03]} {[%emt 00:00:11]} Kg6 {[%clk 00:06:47]}
{[%emt 00:00:36]} 59. d6 {[%clk 00:13:22]} {[%emt 00:00:11]} Ra7 {[%clk
00:06:05]} {[%emt 00:01:10]} 60. Ke3 {[%clk 00:12:51]} {[%emt 00:01:02]} Kf7
{[%clk 00:03:16]} {[%emt 00:03:20]} 61. f4 {[%clk 00:12:46]} {[%emt 00:00:35]}
Ke6 {[%clk 00:03:01]} {[%emt 00:00:45]} 62. Kd3 {[%clk 00:12:47]} {[%emt
00:00:30]} Kd5 {[%clk 00:03:23]} {[%emt 00:00:07]} 63. Kc3 {[%clk 00:13:11]}
{[%emt 00:00:06]} Rb7 {[%clk 00:03:23]} {[%emt 00:00:29]} 64. Kc2 {[%clk
00:12:53]} {[%emt 00:00:49]} Kc6 {[%clk 00:03:11]} {[%emt 00:00:41]} 65. Kc3
{[%clk 00:13:11]} {[%emt 00:00:12]} Kd5 {[%clk 00:03:01]} {[%emt 00:00:40]} 66.
Kd2 {[%clk 00:13:34]} {[%emt 00:00:06]} Kc4 {[%clk 00:03:04]} {[%emt 00:00:25]}
67. Ke3 {[%clk 00:13:53]} {[%emt 00:00:13]} Kd5 {[%clk 00:02:44]} {[%emt
00:00:50]} 68. Kf3 {[%clk 00:14:16]} {[%emt 00:00:08]} Ke6 {[%clk 00:02:08]}
{[%emt 00:01:06]} 69. Kg3 {[%clk 00:14:41]} {[%emt 00:00:05]} Kf7 {[%clk
00:01:50]} {[%emt 00:00:48]} 70. Kh4 {[%clk 00:14:55]} {[%emt 00:00:17]} Kg6
{[%clk 00:01:33]} {[%emt 00:00:47]} 71. Kg3 {[%clk 00:13:10]} {[%emt 00:02:15]}
Kf7 {[%clk 00:01:30]} {[%emt 00:00:31]} 72. Kf3 {[%clk 00:12:56]} {[%emt
00:00:46]} Ke6 {[%clk 00:01:31]} {[%emt 00:00:29]} 73. Ke3 {[%clk 00:13:15]}
{[%emt 00:00:11]} Kd5 {[%clk 00:01:16]} {[%emt 00:00:45]} 74. Kd3 {[%clk
00:13:20]} {[%emt 00:00:25]} Rb3+ {[%clk 00:01:13]} {[%emt 00:00:33]} 75. Kc2
{[%clk 00:13:40]} {[%emt 00:00:10]} Rb7 {[%clk 00:01:28]} {[%emt 00:00:14]} 76.
Kc3 {[%clk 00:13:56]} {[%emt 00:00:15]} Ra7 {[%clk 00:01:10]} {[%emt 00:00:47]}
77. Kb4 {[%clk 00:14:11]} {[%emt 00:00:15]} Kc6 {[%clk 00:01:10]} {[%emt
00:00:29]} 78. Kc4 {[%clk 00:11:27]} {[%emt 00:03:16]} Ra4+ {[%clk 00:00:47]}
{[%emt 00:00:53]} 79. Kb3 {[%clk 00:11:43]} {[%emt 00:00:13]} Ra5 {[%clk
00:00:49]} {[%emt 00:00:26]} 80. Kc3 {[%clk 00:11:43]} {[%emt 00:00:33]} Ra3+
{[%clk 00:01:01]} {[%emt 00:00:17]} 81. Kd2 {[%clk 00:12:07]} {[%emt 00:00:07]}
Ra7 {[%clk 00:01:11]} {[%emt 00:00:20]} 82. Ke3 {[%clk 00:11:04]} {[%emt
00:01:32]} Kd5 {[%clk 00:01:18]} {[%emt 00:00:23]} 83. Kf3 {[%clk 00:11:22]}
{[%emt 00:00:13]} Ke6 {[%clk 00:01:28]} {[%emt 00:00:20]} 84. Kg3 {[%clk
00:11:11]} {[%emt 00:00:41]} Kf7 {[%clk 00:01:11]} {[%emt 00:00:46]} 85. Kh4
{[%clk 00:09:48]} {[%emt 00:01:53]} Kg6 {[%clk 00:01:16]} {[%emt 00:00:24]} 86.
Kg3 {[%clk 00:09:16]} {[%emt 00:01:03]} 1/2-1/2